[Event "Nikolaev UKR"]
[Site "It"]
[Date "2001.08.01"]
[EventDate "2001.08.01"]
[Round "1"]
[Result "1-0"]
[White "Sergey Karjakin"]
[Black "Andrei Maksimenko"]
[WhiteElo "2338"]
[BlackElo "2502"]
[PlyCount "72"]

1. e4 d6 2. d4 Nf6 3. Nc3 g6 4. f4 Bg7 5. Nf3 c5 6. Bb5+ Bd7
7. e5 Ng4 8. Bxd7+ Qxd7 9. d5 dxe5 10. h3 e4 11. Nxe4 Nf6
12. Nxf6+ Bxf6 13. O-O O-O 14. Be3 Bxb2 15. Rb1 Bg7 16. Bxc5
Rd8 17. Bd4 Bxd4+ 18. Qxd4 Qxd5 19. Qxd5 Rxd5 20. Rxb7 Nc6
21. Rc7 Rd6 22. Ng5 Rb8 23. f5 gxf5 24. Rxf5 f6 25. Ne4 Re6
26. Nc5 Rb1+ 27. Kh2 Rd6 28. Nd3 Rb6 29. Nf4 Nd4 30. Rfc5 Rbc6
31. R5xc6 Nxc6 32. c4 Kf7 33. Kg3 Ne5 34. Nd5 Nxc4 35. Nxe7
Rd3+ 36. Kh4 Ne5 1-0

[Event "Nikolaev UKR"]
[Site "It"]
[Date "2001.08.03"]
[EventDate "2001.08.01"]
[Round "3"]
[Result "1-0"]
[White "Sergey Karjakin"]
[Black "Boris Itkis"]
[WhiteElo "2338"]
[BlackElo "2455"]
[PlyCount "73"]

1. e4 c6 2. d4 d5 3. Nc3 dxe4 4. Nxe4 Bf5 5. Ng3 Bg6 6. h4 h6
7. Nf3 Nd7 8. h5 Bh7 9. Bd3 Bxd3 10. Qxd3 Ngf6 11. Bf4 Qa5+
12. Bd2 Qc7 13. O-O-O e6 14. Ne4 Be7 15. g3 O-O-O 16. Bf4 Qa5
17. Kb1 Qf5 18. Nxf6 Qxd3 19. Rxd3 Bxf6 20. g4 Nb6 21. Ne5
Bxe5 22. Bxe5 f6 23. Bg3 Rd5 24. Re1 Rhd8 25. Red1 f5 26. f3
fxg4 27. fxg4 Rg5 28. Bh4 Rxg4 29. Bxd8 Kxd8 30. Re3 Nd5
31. Rxe6 Nf6 32. c3 Nxh5 33. d5 c5 34. d6 Nf4 35. Re4 Kd7
36. Re7+ Kd8 37. d7 1-0

[Event "Nikolaev UKR"]
[Site "It"]
[Date "2001.08.05"]
[EventDate "2001.08.01"]
[Round "5"]
[Result "1-0"]
[White "Sergey Karjakin"]
[Black "Nikolay Olenin"]
[WhiteElo "2338"]
[BlackElo "2386"]
[PlyCount "117"]

1. e4 c5 2. Nf3 e6 3. d4 cxd4 4. Nxd4 Nf6 5. Nc3 Nc6 6. Nxc6
bxc6 7. e5 Nd5 8. Ne4 Qa5+ 9. c3 Ba6 10. Be2 Bxe2 11. Qxe2 f5
12. exf6 Nxf6 13. Nxf6+ gxf6 14. O-O Rg8 15. Be3 Qd5 16. g3 h5
17. Rad1 Qf5 18. Rd4 e5 19. Rc4 Rg4 20. f4 Qe6 21. b3 d5
22. f5 Qd7 23. Rxg4 hxg4 24. Qxg4 O-O-O 25. b4 c5 26. bxc5 Qb5
27. Qb4 Qxb4 28. cxb4 d4 29. Bc1 a5 30. a3 e4 31. Kf2 Kc7
32. Re1 e3+ 33. Kf3 Kc6 34. Ke4 axb4 35. axb4 Kb5 36. Bb2 d3
37. Kxe3 Bh6+ 38. Kf3 d2 39. Rd1 Kxb4 40. Bxf6 Re8 41. Bg7
Bxg7 42. Rxd2 Kxc5 43. Rd7 Be5 44. h4 Rh8 45. Ra7 Kd5 46. Ra5+
Kd4 47. Ra1 Kd5 48. Rd1+ Kc5 49. Rd3 Kc4 50. Re3 Kd5 51. Rb3
Kc4 52. Rb6 Kd5 53. Kg4 Ra8 54. f6 Ra4+ 55. Kh5 Bxg3 56. f7
Rxh4+ 57. Kg6 Rf4 58. Kg7 Rxf7+ 59. Kxf7 1-0

[Event "Nikolaev UKR"]
[Site "It"]
[Date "2001.08.06"]
[EventDate "2001.08.01"]
[Round "6"]
[Result "0-1"]
[White "Sergei Bondarchuk"]
[Black "Sergey Karjakin"]
[WhiteElo "2354"]
[BlackElo "2338"]
[PlyCount "50"]

1. d4 d5 2. Nf3 Nf6 3. c4 dxc4 4. e3 e6 5. Bxc4 a6 6. O-O c5
7. Nc3 cxd4 8. exd4 Be7 9. Qe2 O-O 10. Rd1 b5 11. Bb3 b4
12. Na4 Bb7 13. Bg5 Nbd7 14. Ne5 Nxe5 15. dxe5 Nd5 16. Bxd5
Bxd5 17. Bxe7 Qxe7 18. Nb6 Bxg2 19. Nxa8 Bxa8 20. Rd3 Rc8
21. Rad1 Bd5 22. Qg4 Rc6 23. b3 g6 24. Qf4 h5 25. Rc1 Qh4 0-1

[Event "Nikolaev UKR"]
[Site "It"]
[Date "2001.08.10"]
[EventDate "2001.08.01"]
[Round "10"]
[Result "1-0"]
[White "Sergey Karjakin"]
[Black "Sergey Nakonechny"]
[WhiteElo "2338"]
[BlackElo "2237"]
[PlyCount "65"]

1. e4 e5 2. Nf3 Nc6 3. Bc4 Be7 4. d4 exd4 5. c3 d3 6. Qb3 Na5
7. Bxf7+ Kf8 8. Qa4 Kxf7 9. Qxa5 c6 10. Ne5+ Ke8 11. Qxd8+
Bxd8 12. Nxd3 Nf6 13. e5 Nd5 14. c4 Nb6 15. b3 d5 16. exd6 Bf5
17. Ne5 Bf6 18. f4 Nd7 19. O-O g5 20. Nc3 Rf8 21. Re1 Kd8
22. Bd2 gxf4 23. Bxf4 Nc5 24. Rad1 a5 25. Rf1 Bxe5 26. Bxe5
Kd7 27. Bd4 Ne6 28. Na4 Bg4 29. Rxf8 Rxf8 30. Rd2 Nf4 31. Nc5+
Ke8 32. h3 Bc8 33. d7+ 1-0

[Event "EYCC B14"]
[Site "Halkidiki GRE"]
[Date "2001.09.03"]
[EventDate "2001.08.31"]
[Round "4"]
[Result "0-1"]
[White "Luka Lenic"]
[Black "Sergey Karjakin"]
[WhiteElo "2092"]
[BlackElo "2338"]
[PlyCount "62"]

1. e4 c5 2. Nf3 d6 3. d4 cxd4 4. Nxd4 Nf6 5. Nc3 a6 6. Bc4 e6
7. Bb3 b5 8. Bg5 Be7 9. Qf3 Qb6 10. O-O-O O-O 11. h4 Nbd7
12. h5 h6 13. Be3 Qb7 14. Qg3 Kh8 15. Bxe6 fxe6 16. Nxe6 Rg8
17. Nf4 Ne5 18. Ng6+ Kh7 19. f4 Nc4 20. Bd4 b4 21. Bxf6 Bxf6
22. Nd5 Bxb2+ 23. Kb1 Be6 24. Qd3 Rac8 25. Nge7 Na3+ 26. Kxb2
Rxc2+ 27. Qxc2 Nxc2 28. Kxc2 Re8 29. Ng6 Bxd5 30. exd5 Re2+
31. Kb3 Qc7 0-1

[Event "EYCC B14"]
[Site "Halkidiki GRE"]
[Date "2001.09.04"]
[EventDate "2001.08.31"]
[Round "5"]
[Result "1-0"]
[White "Sergey Karjakin"]
[Black "Arik Braun"]
[WhiteElo "2338"]
[BlackElo "2235"]
[PlyCount "79"]

1. e4 c5 2. Nf3 Nc6 3. Bb5 d6 4. d4 cxd4 5. Qxd4 Bg4 6. Nc3
Nf6 7. Qd3 Nd7 8. Be3 g6 9. Bxc6 bxc6 10. Bd4 e5 11. Be3 Be7
12. O-O-O O-O 13. h3 Be6 14. h4 f6 15. Nd2 Qc7 16. g3 Rad8
17. f4 Bf7 18. Nf3 Nb6 19. Qe2 Nc4 20. Nd2 Nxe3 21. Qxe3 d5
22. Ncb1 Rb8 23. b3 Rb6 24. h5 g5 25. fxg5 fxg5 26. Nf3 h6
27. exd5 Bxd5 28. Rhf1 Bf6 29. Nfd2 Rb4 30. Nc3 Qh7 31. Rf2 e4
32. Rdf1 Be7 33. Qxa7 Rxf2 34. Rxf2 Qg7 35. Nxd5 cxd5 36. Qa8+
Kh7 37. Qxd5 Rd4 38. Qe6 Ba3+ 39. Kd1 Rd7 40. Qxe4+ 1-0

[Event "EYCC B14"]
[Site "Halkidiki GRE"]
[Date "2001.09.07"]
[EventDate "2001.08.31"]
[Round "7"]
[Result "1-0"]
[White "Sergey Karjakin"]
[Black "Michal Adamski"]
[WhiteElo "2338"]
[BlackElo "2158"]
[PlyCount "75"]

1. e4 c5 2. Nf3 d6 3. d4 cxd4 4. Nxd4 Nf6 5. Nc3 a6 6. Be2 e5
7. Nb3 Be7 8. O-O O-O 9. Kh1 b6 10. a4 Bb7 11. f3 Nbd7 12. Be3
Qc7 13. Nc1 Nc5 14. N1a2 Rad8 15. Nb4 a5 16. Nbd5 Bxd5
17. Nxd5 Nxd5 18. Qxd5 Kh8 19. c3 Ne6 20. g3 Bg5 21. Bg1 h5
22. Rfd1 h4 23. Qc4 Qe7 24. Kg2 f5 25. Bxb6 Rb8 26. Bxa5 Rxb2
27. Rab1 Rxb1 28. Rxb1 fxe4 29. Qxe4 Nc5 30. Qg6 e4 31. f4 Bh6
32. Rb4 e3 33. Bb6 Qb7+ 34. Kh3 hxg3 35. Bxc5 Qc8+ 36. Bg4
Qxc5 37. Re4 Rf6 38. Re8+ 1-0

[Event "EYCC B14"]
[Site "Halkidiki GRE"]
[Date "2001.09.09"]
[EventDate "2001.08.31"]
[Round "9"]
[Result "0-1"]
[White "Viktor Laznicka"]
[Black "Sergey Karjakin"]
[WhiteElo "2047"]
[BlackElo "2338"]
[PlyCount "50"]

1. e4 c5 2. Nf3 d6 3. d4 cxd4 4. Nxd4 Nf6 5. Nc3 a6 6. f4 e5
7. Nf3 Nbd7 8. a4 Be7 9. a5 O-O 10. Bd3 b5 11. axb6 Qxb6
12. Qe2 Bb7 13. Rb1 exf4 14. Bxf4 d5 15. e5 Rfe8 16. Kf1 Bc5
17. Na4 Qc6 18. Nxc5 Nxc5 19. Nd4 Qb6 20. Nf5 Nfe4 21. Qe3 Qg6
22. Ng3 Ne6 23. Nxe4 dxe4 24. Bc4 Nxf4 25. Qxf4 e3 0-1

[Event "Aeroflot Open"]
[Site "Moscow RUS"]
[Date "2002.02.06"]
[EventDate "2002.02.04"]
[Round "3"]
[Result "0-1"]
[White "Alik Gershon"]
[Black "Sergey Karjakin"]
[WhiteElo "2558"]
[BlackElo "2460"]
[PlyCount "96"]

1. d4 Nf6 2. c4 g6 3. Nc3 d5 4. Nf3 Bg7 5. Qb3 dxc4 6. Qxc4
O-O 7. e4 a6 8. e5 Nfd7 9. Qb3 Nb6 10. Be3 Be6 11. Qc2 Nc6
12. a3 Nd5 13. Nxd5 Bxd5 14. Rd1 Bxf3 15. gxf3 e6 16. h4 h5
17. Qe4 Ne7 18. Bg5 Qd7 19. Bh3 c6 20. O-O Kh7 21. Rd3 Bh6
22. f4 Bxg5 23. fxg5 Rad8 24. Rfd1 Qc7 25. Rf3 Nf5 26. Bxf5
gxf5 27. Qc2 Rd5 28. b4 Rfd8 29. Rfd3 Kg6 30. Qc4 Qb6 31. f4
a5 32. Kf2 axb4 33. axb4 Ra8 34. Kf3 Ra4 35. Rb1 Qa7 36. Qc3
Ra2 37. b5 Rh2 38. Ra1 Rh3+ 39. Ke2 Rxd3 40. Kxd3 Qb6 41. bxc6
bxc6 42. Ke3 c5 43. Rd1 Qb5 44. Qc2 Qb4 45. Kf3 cxd4 46. Rb1
Qa3+ 47. Rb3 Qa8 48. Kg3 Rd8 0-1

[Event "Aeroflot Open"]
[Site "Moscow RUS"]
[Date "2002.02.09"]
[EventDate "2002.02.04"]
[Round "7"]
[Result "0-1"]
[White "Gennadi Kuzmin"]
[Black "Sergey Karjakin"]
[WhiteElo "2527"]
[BlackElo "2460"]
[PlyCount "106"]

1. e4 c5 2. Nf3 d6 3. d4 cxd4 4. Nxd4 Nf6 5. Nc3 a6 6. a4 e5
7. Nf3 Qc7 8. Bg5 Nbd7 9. Nd2 h6 10. Bh4 g5 11. Bg3 Nc5 12. h4
Bg7 13. hxg5 hxg5 14. Rxh8+ Bxh8 15. Bc4 Be6 16. Bxe6 Nxe6
17. Qe2 Rc8 18. O-O-O Nd4 19. Qd3 Nd7 20. Nb3 Nc5 21. Nxc5
Qxc5 22. f3 b5 23. axb5 axb5 24. Bf2 b4 25. Bxd4 exd4 26. Qb5+
Rc6 27. Qxc5 dxc5 28. Nd5 Rh6 29. Kd2 Rh2 30. Rg1 Be5 31. Kd3
Kd7 32. b3 Ke6 33. Kc4 Bd6 34. Nb6 Bf4 35. Na4 Be3 36. Nxc5+
Kf6 37. Ra1 Rxg2 38. Nd3 Rxc2+ 39. Kxb4 Bd2+ 40. Kb5 Rc3
41. Nc5 Rxf3 42. Kc4 Ke5 43. b4 Rc3+ 44. Kb5 g4 45. Kc6 Rc4
46. Rf1 d3 47. Rf5+ Kd4 48. Rd5+ Ke3 49. Rxd3+ Ke2 50. Rg3
Bxb4 51. Rxg4 Rxc5+ 52. Kd7 Bc3 53. Kd6 Ra5 0-1

[Event "Sudak UKR"]
[Site "It"]
[Date "2002.08.04"]
[EventDate "2002.08.02"]
[Round "4"]
[Result "0-1"]
[White "Viktor Varavin"]
[Black "Sergey Karjakin"]
[WhiteElo "2465"]
[BlackElo "2523"]
[PlyCount "124"]

1. e4 c5 2. Nf3 d6 3. c3 Nf6 4. h3 Nc6 5. Bd3 d5 6. e5 Nd7
7. Qe2 e6 8. O-O Qc7 9. Re1 Be7 10. Bc2 b6 11. d3 Bb7 12. a3
a5 13. a4 h6 14. Na3 O-O-O 15. Nb5 Qb8 16. Bf4 Rde8 17. Rab1
Na7 18. Nxa7+ Qxa7 19. b4 Bc6 20. bxc5 bxc5 21. c4 d4 22. Nd2
g5 23. Bg3 Kc7 24. Ne4 Rb8 25. Rb5 Bxb5 26. cxb5 Rbc8 27. Rb1
Nb6 28. Nd6 Bxd6 29. exd6+ Kd7 30. Be5 Rh7 31. Qe4 f5 32. Qe2
Nd5 33. Bb3 Qa8 34. Bxd5 Qxd5 35. b6 Kc6 36. Rb5 Ra8 37. Qe1
Rb7 38. Rxa5 Rxa5 39. Qxa5 Qxe5 40. Qa8 Qxd6 41. a5 Qd7 42. a6
Kxb6 43. axb7 Qxb7 44. Qf8 Qd5 45. Qxh6 f4 46. h4 gxh4
47. Qxf4 Qf5 48. Qb8+ Ka5 49. Qb3 Qd5 50. Qa3+ Kb5 51. Qb2+
Ka4 52. Qc2+ Ka3 53. Kh2 Qf5 54. g3 hxg3+ 55. Kxg3 Qd5 56. f4
Kb4 57. Kg4 Qb3 58. Qd2+ Kb5 59. Kg5 c4 60. dxc4+ Qxc4 61. Kf6
d3 62. Ke7 Qb4+ 0-1

[Event "Sudak UKR"]
[Site "It"]
[Date "2002.08.07"]
[EventDate "2002.08.02"]
[Round "7"]
[Result "1-0"]
[White "Sergey Karjakin"]
[Black "Vasily Borisovich Malinin"]
[WhiteElo "2523"]
[BlackElo "2434"]
[PlyCount "39"]

1. e4 Nc6 2. d4 e5 3. Nf3 exd4 4. Nxd4 Qh4 5. Nc3 Bb4 6. Be2
Nf6 7. O-O Bxc3 8. Nf5 Qxe4 9. Bd3 Qg4 10. f3 Qa4 11. bxc3 O-O
12. Nxg7 Kxg7 13. Bh6+ Kxh6 14. Qd2+ Kh5 15. g4+ Nxg4
16. fxg4+ Qxg4+ 17. Kh1 d6 18. Rf6 Qg5 19. Be2+ Bg4 20. Bxg4+
1-0

[Event "Sudak UKR"]
[Site "It"]
[Date "2002.08.09"]
[EventDate "2002.08.02"]
[Round "10"]
[Result "0-1"]
[White "Oksana Vozovic"]
[Black "Sergey Karjakin"]
[WhiteElo "2291"]
[BlackElo "2523"]
[PlyCount "102"]

1. e4 e5 2. d4 exd4 3. Qxd4 Nc6 4. Qe3 Nf6 5. h3 d6 6. Bc4 g6
7. Nf3 Bg7 8. e5 dxe5 9. Nxe5 Nd5 10. Bxd5 Nxe5 11. Nc3 O-O
12. O-O c6 13. Bb3 Qh4 14. f4 Nd7 15. Bd2 b6 16. Qf3 Nc5
17. Bc4 Bf5 18. g4 Be6 19. Be1 Qf6 20. Be2 Bd5 21. Nxd5 cxd5
22. c3 d4 23. Rd1 dxc3 24. Bxc3 Qe7 25. Bxg7 Kxg7 26. f5 gxf5
27. gxf5 Kh8 28. Rd4 f6 29. Bc4 Rad8 30. Rg4 Nd7 31. Rg2 Ne5
32. Qe3 Qc5 33. Qxc5 bxc5 34. Be6 Rd3 35. Rc1 c4 36. Bxc4 Rxh3
37. Be6 Rd8 38. Rgc2 Kg7 39. Kg2 Rh4 40. Rh1 Rxh1 41. Kxh1 h5
42. Kh2 Kh6 43. Rg2 Ng4+ 44. Kh3 Kg5 45. b4 Rd1 46. b5 Kf4
47. Re2 Kf3 48. Rh2 Nxh2 49. Kxh2 Kg4 50. a4 Rd2+ 51. Kg1 Kg3
0-1

[Event "Sudak UKR"]
[Site "It"]
[Date "2002.08.10"]
[EventDate "2002.08.02"]
[Round "11"]
[Result "1-0"]
[White "Sergey Karjakin"]
[Black "Oleg Anatolie Kulicov"]
[WhiteElo "2523"]
[BlackElo "2397"]
[PlyCount "57"]

1. e4 c5 2. Nf3 Nc6 3. Bb5 g6 4. O-O Bg7 5. c3 Nf6 6. Re1 O-O
7. h3 Ne8 8. d4 cxd4 9. cxd4 Nc7 10. Ba4 d5 11. e5 b5 12. Bb3
a5 13. Nc3 Ba6 14. Be3 Qd7 15. Qd2 a4 16. Bc2 f5 17. Ne2 Ne6
18. Rac1 Rfc8 19. h4 Nf8 20. h5 e6 21. h6 Bh8 22. Nf4 Qe7
23. Nd3 Nd7 24. Bb1 Bb7 25. Nc5 Na5 26. Bg5 Qe8 27. Nxb7 Nxb7
28. Bd3 Nb6 29. Qb4 1-0

[Event "ECC"]
[Site "Halkidiki GRE"]
[Date "2002.09.23"]
[EventDate "2002.09.22"]
[Round "2"]
[Result "1-0"]
[White "Sergey Karjakin"]
[Black "Pavel Kotsur"]
[WhiteElo "2523"]
[BlackElo "2573"]
[PlyCount "61"]

1. e4 d6 2. d4 g6 3. Nc3 c6 4. f4 d5 5. e5 h5 6. Nf3 Nh6
7. Be3 Qb6 8. Na4 Qa5+ 9. c3 Bg4 10. Nc5 Qc7 11. h3 Nf5
12. Bf2 Bxf3 13. Qxf3 b6 14. Nd3 h4 15. e6 fxe6 16. Qg4 Rh6
17. Ne5 Nd7 18. Bd3 Bg7 19. O-O Bxe5 20. fxe5 Nf8 21. a4 c5
22. b3 cxd4 23. cxd4 Qc3 24. Qd1 Nxd4 25. Rc1 Qb2 26. Be3 Rh8
27. Rf2 Qxb3 28. Bxd4 Qxd1+ 29. Rxd1 Rc8 30. Rdf1 Rg8
31. Rxf8+ 1-0

[Event "ECC"]
[Site "Halkidiki GRE"]
[Date "2002.09.24"]
[EventDate "2002.09.22"]
[Round "3"]
[Result "0-1"]
[White "Jose Maria Hernando Rodrigo"]
[Black "Sergey Karjakin"]
[WhiteElo "2393"]
[BlackElo "2523"]
[PlyCount "146"]

1. d4 Nf6 2. c4 g6 3. Nc3 d5 4. Nf3 Bg7 5. Bg5 c5 6. dxc5 Qa5
7. Bxf6 Bxf6 8. cxd5 O-O 9. Qd2 Na6 10. Rd1 Nxc5 11. Nd4 Na4
12. e4 Bd7 13. Nxa4 Qxa4 14. b3 Qa3 15. Bb5 Bxb5 16. Nxb5 Qc5
17. Nd4 e6 18. Ne2 exd5 19. exd5 Rad8 20. O-O Rfe8 21. Ng3 Bg7
22. Qd3 Rd7 23. Qf3 Re5 24. d6 f5 25. Rd3 Bf8 26. Rfd1 Re6
27. h4 Rexd6 28. Rxd6 Rxd6 29. Rxd6 Bxd6 30. h5 Qc6 31. Qe3
Qd5 32. Nf1 a6 33. Qe8+ Kg7 34. Ne3 Qf7 35. h6+ Kf6 36. Qh8+
Ke6 37. Nc4 Bc7 38. Qc8+ Qd7 39. Qg8+ Kf6 40. Qf8+ Kg5 41. Ne3
Be5 42. g3 f4 43. gxf4+ Bxf4 44. Qg7 Qh3 45. Qe7+ Kh5 46. Qc5+
g5 47. Nf1 Qg4+ 48. Kh1 Qf3+ 49. Kg1 Kh4 50. Ne3 Bxe3 51. fxe3
g4 52. Qd4 Qe2 53. Qe5 Qd1+ 54. Kf2 Qc2+ 55. Ke1 Qb1+ 56. Kd2
Qxa2+ 57. Kc1 Qa3+ 58. Kc2 Qf8 59. Qh2+ Kg5 60. Qc7 Qf5+
61. Kd2 Qd5+ 62. Ke1 Qh1+ 63. Kd2 Qd5+ 64. Ke1 Qe4 65. Qg7+
Kh5 66. Kd2 a5 67. Ke2 b5 68. Kd2 a4 69. bxa4 bxa4 70. Ke2 a3
71. Qf7+ Kh4 72. Kd2 a2 73. Qf1 Qb4+ 0-1

[Event "WY ol"]
[Site "Kuala Lumpur MAS"]
[Date "2002.08.21"]
[EventDate "2002.08.20"]
[Round "2"]
[Result "1-0"]
[White "Sergey Karjakin"]
[Black "Timur Gareev"]
[WhiteElo "2730"]
[BlackElo "2581"]
[PlyCount "81"]

1. e4 c5 2. Nf3 Nc6 3. Bb5 g6 4. O-O Bg7 5. c3 Nf6 6. Re1 O-O
7. h3 Qb6 8. Bf1 d6 9. Na3 Bd7 10. d3 Rad8 11. Nc4 Qc7 12. Bf4
e5 13. Bh2 Be6 14. Qc2 h6 15. Rad1 Nh7 16. Ne3 Qa5 17. a3 Kh8
18. b4 Qb6 19. Nd5 Bxd5 20. exd5 Nb8 21. Rb1 cxb4 22. Rxb4 Qc7
23. Qb3 b6 24. d4 exd4 25. Nxd4 Nf6 26. Nb5 Qc5 27. Nxa7 Qxd5
28. Rxb6 Qa5 29. Rb7 Nd5 30. Rd1 Nxc3 31. Rxd6 Rde8 32. Rxf7
Rxf7 33. Qxf7 Rf8 34. Qe7 Qc5 35. Bg3 Nd1 36. Re6 Qxe7
37. Rxe7 Bd4 38. Kh2 Nxf2 39. Rb7 Bxa7 40. Be5+ Kg8 41. Rg7+
1-0

[Event "Dos Hermanas XII"]
[Site "Spain"]
[Date "2003.04.05"]
[EventDate "2003.03.28"]
[Round "9"]
[Result "1-0"]
[White "Sergey Karjakin"]
[Black "Sergei Tiviakov"]
[WhiteElo "2547"]
[BlackElo "2635"]
[PlyCount "225"]

1. e4 c5 2. Nf3 Nc6 3. d4 cxd4 4. Nxd4 g6 5. c4 Nf6 6. Nc3 d6
7. Nc2 Bg7 8. Be2 Nd7 9. O-O Nc5 10. Bd2 O-O 11. b4 Ne6
12. Rb1 Ncd4 13. Nxd4 Nxd4 14. Bd3 b6 15. f4 a5 16. b5 Ne6
17. f5 Nc5 18. Bc2 Nd7 19. Rf3 Ne5 20. Rh3 e6 21. Qf1 Bd7
22. Nd1 Rc8 23. Ne3 d5 24. Bc3 dxe4 25. Qf4 Rc5 26. Bxe5 Rxe5
27. f6 Qxf6 28. Qxf6 Bxf6 29. Ng4 Rf5 30. Rd1 Bg5 31. Rxd7 Rc5
32. Bxe4 Rxc4 33. Nf2 Ra4 34. a3 Rd8 35. Rxd8+ Bxd8 36. Bc2
Rc4 37. Bb3 Rc1+ 38. Nd1 Be7 39. a4 Bc5+ 40. Kf1 Bd6 41. Rd3
Be5 42. h3 Kf8 43. Ke2 Ke7 44. Rf3 h5 45. Kd2 Rc7 46. Nc3 Rd7+
47. Rd3 Rxd3+ 48. Kxd3 Bd6 49. Ne4 Be5 50. Ke2 Bc7 51. Kf3 Be5
52. Nf2 Bd4 53. Nd3 Kf6 54. h4 Ke7 55. g4 hxg4+ 56. Kxg4 Kf6
57. h5 gxh5+ 58. Kxh5 Kg7 59. Kg5 Be3+ 60. Kg4 Bd4 61. Kf4 Kf6
62. Bd1 Bg1 63. Bh5 Bh2+ 64. Kf3 Bc7 65. Nb2 Ke7 66. Nc4 f5
67. Ke3 Kf6 68. Be8 Bh2 69. Kf2 Bc7 70. Bd7 Ke7 71. Bc8 Kf6
72. Kg2 Kf7 73. Kh3 Kf6 74. Bd7 Bd8 75. Bc8 Bc7 76. Kh4 Bd8
77. Kh5 Bc7 78. Kh6 Bd8 79. Kh7 Kf7 80. Ne5+ Kf6 81. Nc6 Bc7
82. Nd4 Be5 83. Nxe6 f4 84. Nf8 Bc7 85. Bg4 Ke5 86. Ng6+ Kd4
87. Nh4 Bd8 88. Nf3+ Kc3 89. Ng1 Be7 90. Nh3 Kb4 91. Bd1 f3
92. Nf2 Bh4 93. Ng4 f2 94. Nh2 Be7 95. Nf1 Bc5 96. Kg6 Kc3
97. Kf5 Kd3 98. Kg4 Bd6 99. Kf3 Bc5 100. Kg2 Bd4 101. Bh5 Kc2
102. Ng3 Kb3 103. Bd1+ Kc3 104. Kf1 Kd2 105. Bh5 Ke3 106. Nh1
Kd2 107. Nxf2 Ke3 108. Nh3 Kd2 109. Bf3 Ke3 110. Kg2 Be5
111. Bh5 Bd6 112. Ng5 Be7 113. Nf7 1-0

[Event "UKR-ch"]
[Site "Simferopol"]
[Date "2003.11.04"]
[EventDate "2003.11.04"]
[Round "1"]
[Result "0-1"]
[White "Anatoly Vasilievich Alexeev"]
[Black "Sergey Karjakin"]
[WhiteElo "2335"]
[BlackElo "2562"]
[PlyCount "75"]

1. e4 c5 2. Nf3 d6 3. Bc4 Nf6 4. d3 e6 5. Bb3 Be7 6. O-O O-O
7. c3 Nc6 8. Nbd2 b6 9. Re1 Ba6 10. Bc2 Rc8 11. Nf1 Ne5
12. Bf4 Ng6 13. Bd2 Ne5 14. Bf4 Nfd7 15. Rc1 Nxf3+ 16. Qxf3
Ne5 17. Qg3 Ng6 18. Bd2 d5 19. exd5 Qxd5 20. Ne3 Qc6 21. d4
cxd4 22. cxd4 Qd6 23. Qxd6 Bxd6 24. d5 Nf4 25. dxe6 fxe6
26. Kh1 Ne2 27. Bb3 Rxc1 28. Bxe6+ Kh8 29. Bxc1 Bb4 30. Rd1
Nxc1 31. Rxc1 Rxf2 32. Rd1 h5 33. h4 Bd2 34. Nc4 Bf4 35. Kg1
Re2 36. Bf5 g6 37. b3 Kg7 38. Rd7+ 0-1

[Event "3rd Aeroflot Festival"]
[Site "Moscow RUS"]
[Date "2004.02.24"]
[EventDate "2004.02.17"]
[Round "8"]
[Result "0-1"]
[White "Ernesto Inarkiev"]
[Black "Sergey Karjakin"]
[WhiteElo "2606"]
[BlackElo "2566"]
[PlyCount "86"]

1. d4 d5 2. c4 dxc4 3. Nf3 Nf6 4. e3 e6 5. Bxc4 a6 6. O-O c5
7. Bb3 b5 8. a4 b4 9. Nbd2 Bb7 10. e4 Be7 11. Re1 O-O 12. e5
Nfd7 13. Ne4 cxd4 14. Bf4 Nc6 15. Bc2 Qa5 16. h4 b3 17. Bd3
Nb4 18. Bd2 Qd8 19. Qxb3 Bd5 20. Bc4 Bxc4 21. Qxc4 Rc8 22. Qf1
Nc2 23. Qxa6 Nxa1 24. Rxa1 Nxe5 25. Nxe5 Qd5 26. Qd3 Qxe5
27. Ng5 g6 28. b4 Qf5 29. Qxf5 gxf5 30. Rb1 e5 31. b5 Rc2
32. Nf3 e4 33. Bf4 exf3 34. b6 Bc5 35. b7 Ba7 36. b8=Q Bxb8
37. Bxb8 d3 38. Bf4 Rd8 39. Rd1 d2 40. Kh2 Rd4 41. Be3 Rxh4+
42. Kg3 f4+ 43. Bxf4 Rxf4 0-1

[Event "Pamplona Tournament"]
[Site "Pamplona ESP"]
[Date "2004.12.27"]
[EventDate "2004.12.22"]
[Round "5"]
[Result "0-1"]
[White "Emil Sutovsky"]
[Black "Sergey Karjakin"]
[WhiteElo "2697"]
[BlackElo "2576"]
[PlyCount "106"]

1. e4 e5 2. Nf3 Nc6 3. d4 exd4 4. Nxd4 Nf6 5. Nxc6 bxc6 6. e5
Qe7 7. Qe2 Nd5 8. c4 Nb6 9. Nc3 Qe6 10. Qe4 Ba6 11. b3 Bb4
12. Bd2 Bxc3 13. Bxc3 d5 14. Qh4 dxc4 15. Be2 Nd5 16. Bxc4 g5
17. Bxd5 Qxd5 18. Qxg5 Rd8 19. Qg4 h5 20. Qf3 Qxf3 21. gxf3
Rg8 22. Rd1 Bd3 23. Rc1 Rg6 24. Bb2 Rd5 25. Kd2 Bf5+ 26. Ke3
Rd3+ 27. Ke2 Rd5 28. Rhd1 Kd7 29. Rd4 Re6 30. Rf4 Bg6 31. Ra4
f6 32. f4 c5 33. Ra5 Rc6 34. b4 Rb6 35. a3 Rb5 36. Ra6 cxb4
37. Rac6 bxa3 38. Rxc7+ Ke6 39. Bxa3 Kf5 40. R1c4 Rb3 41. Bc1
h4 42. f3 Bh5 43. R7c6 Bxf3+ 44. Kf2 Ra5 45. Rxf6+ Kg4 46. f5+
Kh3 47. Rd6 Rxe5 48. Rdd4 Re2+ 49. Kf1 Kxh2 50. Rxh4+ Kg3
51. Rh7 Rf2+ 52. Kg1 Rg2+ 53. Kf1 Be2+ 0-1

[Event "Corus Chess Tournament: B Group"]
[Site "Wijk aan Zee NED"]
[Date "2005.01.15"]
[EventDate "2005.01.15"]
[Round "1"]
[Result "1-0"]
[White "Sergey Karjakin"]
[Black "Sipke Ernst"]
[WhiteElo "2599"]
[BlackElo "2509"]
[PlyCount "67"]

1. e4 e6 2. d4 d5 3. Nc3 Nf6 4. e5 Nfd7 5. f4 c5 6. Nf3 Nc6
7. Be3 Qb6 8. Na4 Qa5+ 9. c3 b6 10. Bd2 c4 11. b4 Nxb4
12. cxb4 Bxb4 13. Bxb4 Qxb4+ 14. Kf2 b5 15. Nc5 Nxc5 16. dxc5
Qxc5+ 17. Qd4 Qxd4+ 18. Nxd4 Bd7 19. Be2 Ke7 20. a3 a5
21. Rhb1 Rhb8 22. Ke3 Rb6 23. Bd1 f6 24. Bc2 h6 25. h4 Rab8
26. g4 Rf8 27. Rh1 fxe5 28. fxe5 Rbb8 29. g5 Ra8 30. Rhg1 h5
31. Rgb1 Rab8 32. Bg6 b4 33. axb4 axb4 34. Ra7 1-0

[Event "Corus Chess Tournament: B Group"]
[Site "Wijk aan Zee NED"]
[Date "2005.01.26"]
[EventDate "2005.01.15"]
[Round "10"]
[Result "0-1"]
[White "Alejandro Ramirez Alvarez"]
[Black "Sergey Karjakin"]
[WhiteElo "2507"]
[BlackElo "2599"]
[PlyCount "144"]

1. e4 c5 2. Nf3 d6 3. d4 cxd4 4. Nxd4 Nf6 5. Nc3 a6 6. a4 e5
7. Nf3 Be7 8. Bc4 O-O 9. O-O Be6 10. Ba2 h6 11. Re1 Nc6
12. Be3 Nb4 13. Bxe6 fxe6 14. a5 Rc8 15. Ra4 Nc6 16. Bb6 Qe8
17. Qd3 Nh5 18. Ne2 Nd4 19. Nfxd4 Qxa4 20. Nxe6 Rf7 21. Nc7
Nf6 22. Nc3 Qc6 23. N7d5 Nxd5 24. exd5 Qc4 25. Qxc4 Rxc4
26. Re2 Rf8 27. Ne4 Rfc8 28. c3 Ra4 29. f3 Kf7 30. Kf2 Ra1
31. Rd2 Ke8 32. Ke2 Kd7 33. b4 Rc1 34. Rb2 Bg5 35. Bf2 Bd8
36. Ra2 Rb1 37. Be1 h5 38. h3 Be7 39. Bf2 g5 40. Be1 g4
41. hxg4 hxg4 42. fxg4 Rc4 43. Nd2 Rxe1+ 44. Kxe1 Rxc3 45. Ke2
Rg3 46. Rb2 Rxg4 47. b5 axb5 48. Rxb5 Rxg2+ 49. Kd3 Rg3+
50. Kc4 Rg4+ 51. Kb3 Kc7 52. Rb4 Rg3+ 53. Kc4 Ra3 54. Nb3 Bh4
55. Kd3 Be1 56. Rc4+ Kd7 57. Kc2 Ra2+ 58. Kb1 Rg2 59. Kc1 Rg3
60. Kc2 Re3 61. Ra4 Rc3+ 62. Kb2 Rd3 63. Re4 Bf2 64. Rb4 Kc7
65. Rb5 Be1 66. Kc1 e4 67. Kc2 Kc8 68. Kc1 e3 69. Kc2 Rc3+
70. Kd1 Bf2 71. Ke2 Rc2+ 72. Kf3 Bg1 0-1

[Event "Corus Chess Tournament: B Group"]
[Site "Wijk aan Zee NED"]
[Date "2005.01.28"]
[EventDate "2005.01.15"]
[Round "11"]
[Result "1-0"]
[White "Sergey Karjakin"]
[Black "Alexandra Kosteniuk"]
[WhiteElo "2599"]
[BlackElo "2490"]
[PlyCount "69"]

1. e4 e5 2. Bc4 Nf6 3. d3 Nc6 4. Nc3 Bb4 5. Nge2 d5 6. exd5
Nxd5 7. O-O Be6 8. Bxd5 Bxd5 9. f4 O-O 10. f5 Bxc3 11. bxc3 f6
12. Ng3 Qd7 13. Be3 Ne7 14. c4 Bc6 15. Qg4 Kh8 16. Rae1 b6
17. Re2 Rf7 18. Qh5 Nc8 19. c5 Rf8 20. Ne4 Qf7 21. Qh4 Qxa2
22. g4 Ne7 23. g5 fxg5 24. Nxg5 Qg8 25. Ref2 Bd7 26. Nxh7 Qxh7
27. Qxe7 Bxf5 28. Qg5 g6 29. h4 Rae8 30. d4 bxc5 31. dxe5 Rf7
32. h5 Re6 33. Bxc5 Qg7 34. Rh2 Qh7 35. Qd8+ 1-0